<?xml version="1.0" encoding="UTF-8"?>
<record
    xmlns:xsi="http://www.w3.org/2001/XMLSchema-instance"
    xsi:schemaLocation="http://www.loc.gov/MARC21/slim http://www.loc.gov/standards/marcxml/schema/MARC21slim.xsd"
    xmlns="http://www.loc.gov/MARC21/slim">

  <leader>03089nam a22001817a 4500</leader>
  <controlfield tag="003">OSt</controlfield>
  <controlfield tag="005">20240524110144.0</controlfield>
  <controlfield tag="008">240207s2022    ag ||||| |||| 00| 0 spa d</controlfield>
  <datafield tag="020" ind1=" " ind2=" ">
    <subfield code="a">97895013991100</subfield>
  </datafield>
  <datafield tag="040" ind1=" " ind2=" ">
    <subfield code="c">besoc</subfield>
  </datafield>
  <datafield tag="100" ind1="1" ind2=" ">
    <subfield code="a">V&#xE1;zquez De Fern&#xE1;ndez, Silvia </subfield>
    <subfield code="e">autor</subfield>
  </datafield>
  <datafield tag="245" ind1="1" ind2="0">
    <subfield code="a">Historia :</subfield>
    <subfield code="b">Fines de la Edad Media, Edad Moderna, Comienzos de la Edad Contempor&#xE1;nea /</subfield>
    <subfield code="c">Silvia V&#xE1;zquez De Fern&#xE1;ndez</subfield>
  </datafield>
  <datafield tag="260" ind1=" " ind2=" ">
    <subfield code="a">Buenos Aires :</subfield>
    <subfield code="b">Kapeluz,</subfield>
    <subfield code="c">2003</subfield>
  </datafield>
  <datafield tag="300" ind1=" " ind2=" ">
    <subfield code="a">264 p.</subfield>
  </datafield>
  <datafield tag="505" ind1=" " ind2=" ">
    <subfield code="a">Leer y entender historia -- Bloque 1. De los tiempos medievales a los modernos -- Cap. 1. La sociedad europea en los inicios de la Edad Moderna: hablemos de historia; el tr&#xE1;nsito de la sociedad medieval a la moderna; de la crisis a la renovaci&#xF3;n econ&#xF3;mica; cambios pol&#xED;ticos en los inicios de la Modernidad; la sociedad moderna -- Cap. 2. Nuevas ideas en los inicios de la Modernidad: nuevos pensamientos y expresiones art&#xED;sticas; la sensibilidad religiosa en el siglo XVI; las sociedades originarias de Am&#xE9;rica; Mesoam&#xE9;rica, los mayas, los aztecas, los incas; sociedades originarias del territorio argentino -- Cap. 4. La conquista y colonizaci&#xF3;n de am&#xE9;rica: La expansi&#xF3;n de una Europa en crecimiento; la conquista del territorio americano; la colonizaci&#xF3;n; la sociedad colonial -- Cap. 5. Europa y Am&#xE9;rica en los siglos XVII y XVIII; el esplendor del absolutismo en Europa; el fracaso del absolutismo en Inglaterra; el Barroco; El Siglo de las Luces; Espa&#xF1;a; Am&#xE9;rica espa&#xF1;ola durante el siglo XVII; las reformas de los borbones en Am&#xE9;rica; la independencia de las colonias inglesas de Am&#xE9;rica -- Bloque 2. Los tiempos contempor&#xE1;neos en sus inicios -- Cap. 6. La Revoluci&#xF3;n Industrial: Las Revoluciones Atl&#xE1;nticas; la econom&#xED;a preindustrial; la Primera Revoluci&#xF3;n Industrial; transformaciones de la Revoluci&#xF3;n Industrial; el impacto mundial de la industrializaci&#xF3;n; consecuencias sociales de la Revoluci&#xF3;n Industrial -- Cap. 7. La Revoluci&#xF3;n Francesa enfrenta al Antiguo R&#xE9;gimen: caracter&#xED;sticas sociales y pol&#xED;ticas del Antiguo R&#xE9;gimen; la Revoluci&#xF3;n Francesa; un largo per&#xED;odo de transformaciones; el inicio de la Revoluci&#xF3;n y la creaci&#xF3;n de una monarqu&#xED;a constitucional (1989-1791); la segunda etapa de la revoluci&#xF3;n; la Rep&#xFA;blica jacobina (1792-1794); la tercera etapa de la revoluci&#xF3;n; la rep&#xFA;blica moderada (1795-1799); el tiempo de Napole&#xF3;n (1799-1815); la Restauraci&#xF3;n; el regreso del absolutismo -- Cap. 8. La liberaci&#xF3;n de los lazos coloniales en la Argentina y Am&#xE9;rica Latina: Am&#xE9;rica a principios del siglo XIX; un complejo proceso revolucionario; 1810, una a&#xF1;o revolucionario para Latinoam&#xE9;rica; conflictos con Paraguay; el Alto Per&#xFA; y la Banda Oriental; la inestabilidad pol&#xED;tica de los primeros gobiernos patrios; el Directorio y la declaraci&#xF3;n de Independencia (1814-1820); el fin del dominio espa&#xF1;ol en Am&#xE9;rica; opiniones enfrentadas sobre la organizaci&#xF3;n del Estado; las econom&#xED;as regionales en las Provincias Unidas del R&#xED;o de la Plata.</subfield>
  </datafield>
  <datafield tag="650" ind1=" " ind2="4">
    <subfield code="a">Historia</subfield>
    <subfield code="x">Edad Media</subfield>
    <subfield code="x">Edad Moderna</subfield>
    <subfield code="x">Edad Contempor&#xE1;nea</subfield>
  </datafield>
  <datafield tag="942" ind1=" " ind2=" ">
    <subfield code="2">udc</subfield>
    <subfield code="c">LPD</subfield>
    <subfield code="n">0</subfield>
  </datafield>
  <datafield tag="999" ind1=" " ind2=" ">
    <subfield code="c">187</subfield>
    <subfield code="d">187</subfield>
  </datafield>
  <datafield tag="952" ind1=" " ind2=" ">
    <subfield code="0">0</subfield>
    <subfield code="1">0</subfield>
    <subfield code="2">udc</subfield>
    <subfield code="4">0</subfield>
    <subfield code="7">0</subfield>
    <subfield code="8">CG</subfield>
    <subfield code="a">ESOCIALES</subfield>
    <subfield code="b">ESOCIALES</subfield>
    <subfield code="d">2024-05-24</subfield>
    <subfield code="l">0</subfield>
    <subfield code="o">94 V393</subfield>
    <subfield code="p">000800</subfield>
    <subfield code="r">2024-05-24 00:00:00</subfield>
    <subfield code="t">Ej. 1</subfield>
    <subfield code="w">2024-05-24</subfield>
    <subfield code="y">LPD</subfield>
  </datafield>
  <datafield tag="952" ind1=" " ind2=" ">
    <subfield code="0">0</subfield>
    <subfield code="1">0</subfield>
    <subfield code="2">udc</subfield>
    <subfield code="4">0</subfield>
    <subfield code="7">0</subfield>
    <subfield code="8">CG</subfield>
    <subfield code="a">ESOCIALES</subfield>
    <subfield code="b">ESOCIALES</subfield>
    <subfield code="d">2025-09-16</subfield>
    <subfield code="e">Donaci&#xF3;n 2025</subfield>
    <subfield code="l">0</subfield>
    <subfield code="o">94 V393</subfield>
    <subfield code="p">001458</subfield>
    <subfield code="r">2025-09-16 14:18:14</subfield>
    <subfield code="t">Ej. 2</subfield>
    <subfield code="w">2025-09-16</subfield>
    <subfield code="y">LPD</subfield>
  </datafield>
</record>
